LEADER 01015nam0-2200313 --450 001 9910312131303321 005 20190320162044.0 010 $a978-88-8450-596-5 020 $aIT$b2017-8481 100 $a20190320d2017----kmuy0itay5050 ba 101 0 $aita$aspa 102 $aIT 105 $a 001yy 200 1 $a<>confini della lirica$etempi, luoghi, tradizione della poesia romanza$fa cura di Alessio Decaria e Claudio Lagomarsini 210 $aFirenze$cEdizioni del Galluzzo per la Fondazione Ezio Franceschini$d2017 215 $aX, 311 p.$d24 cm 225 1 $aMediEVI$v15 300 $aAtti del Convegno tenuto a Siena nel 2015 610 0 $aPoesia neolatina$aSec. 12.-14.$aCongressi 676 $a840.0902$v23 702 1$aDecaria,$bAlessio 702 1$aLagomarsini,$bClaudio 801 0$aIT$bUNINA$gREICAT$2UNIMARC 901 $aBK 912 $a9910312131303321 952 $a840.09 DEC 2$bBibl.2019$fFLFBC 959 $aFLFBC 996 $aConfini della lirica$91545401 997 $aUNINA LEADER 01661 am 2200613 n 450 001 9910338228403321 005 20181219 010 $a979-1-03-651641-2 024 7 $a10.4000/books.pulg.3173 035 $a(CKB)4100000009163527 035 $a(FrMaCLE)OB-pulg-3173 035 $a(oapen)https://directory.doabooks.org/handle/20.500.12854/60907 035 $a(PPN)238687961 035 $a(EXLCZ)994100000009163527 100 $a20190903j|||||||| ||| 0 101 0 $aeng 135 $auu||||||m|||| 181 $ctxt$2rdacontent 182 $cc$2rdamedia 183 $acr$2rdacarrier 200 10$aThree Restoration Divines: Barrow, South and Tillotson. Volume I $eSelected Sermons /$fIrène Simon 210 $aLiège $cPresses universitaires de Liège$d2018 215 $a1 online resource (510 p.) 311 $a2-251-66181-6 517 $aThree Restoration Divines 606 $aReligion 606 $anationalism 606 $astate 606 $achurch 606 $aguide 606 $aanglican 606 $apassion 606 $aobedience 610 $aobedience 610 $achurch 610 $anationalism 610 $astate 610 $aanglican 610 $apassion 610 $aguide 615 4$aReligion 615 4$anationalism 615 4$astate 615 4$achurch 615 4$aguide 615 4$aanglican 615 4$apassion 615 4$aobedience 700 $aSimon$b Irène$0709827 801 0$bFR-FrMaCLE 906 $aBOOK 912 $a9910338228403321 996 $aThree Restoration Divines: Barrow, South and Tillotson. Volume I$93019634 997 $aUNINA